Ojitos de ángel / (Registro nro. 10186)

Detalles MARC
000 -CABECERA
campo de control de longitud fija 00926nam a22003017a 4500
001 - NÚMERO DE CONTROL
campo de control 00005247
003 - IDENTIFICADOR DEL NÚMERO DE CONTROL
campo de control DO-SdBPM
005 - FECHA Y HORA DE LA ÚLTIMA TRANSACCIÓN
campo de control 20250806141622.0
008 - DATOS DE LONGITUD FIJA--INFORMACIÓN GENERAL
campo de control de longitud fija 160520b 2007 cl 00| 0 spa d
020 ## - NÚMERO INTERNACIONAL ESTÁNDAR DEL LIBRO
Número Internacional Estándar del Libro 9962650585
040 ## - FUENTE DE LA CATALOGACIÓN
Centro catalogador/agencia de origen DO-SdBPM
Lengua de catalogación spa
Centro/agencia transcriptor BPMSU
Normas de descripción rda
082 #4 - NÚMERO DE LA CLASIFICACIÓN DECIMAL DEWEY
Número de clasificación P863.6
Número de documento/Ítem F676o 2007
Número de edición 22
100 1# - ENTRADA PRINCIPAL--NOMBRE DE PERSONA
Nombre de persona Fonseca Mora, Ramón,
Fechas asociadas al nombre 1952-
Término indicativo de función/relación autor
245 10 - MENCIÓN DE TÍTULO
Título Ojitos de ángel /
Mención de responsabilidad, etc. Ramón Fonseca Mora.
260 ## - PUBLICACIÓN, DISTRIBUCIÓN, ETC.
Lugar de publicación, distribución, etc.
Nombre del editor, distribuidor, etc.
Fecha de publicación, distribución, etc. .
Fecha de fabricación/manufactura
264 ## - PRODUCCIÓN, PUBLICACIÓN, DISTRIBUCIÓN, FABRICACIÓN Y COPYRIGHT
Producción, publicación, distribución, fabricación y copyright Colombia :
Nombre del de productor, editor, distribuidor, fabricante Santillana Ediciones
Fecha de producción, publicación, distribución, fabricación o copyright 2007
300 ## - DESCRIPCIÓN FÍSICA
Extensión 157 páginas ;
Dimensiones 22 cm.
336 ## - TIPO DE CONTENIDO
Término de tipo de contenido texto
Código de tipo de contenido txt
Fuente rdacontent
337 ## - TIPO DE MEDIO
Nombre/término del tipo de medio sin mediación
Código del tipo de medio nc
Fuente rdamedia
338 ## - TIPO DE SOPORTE
Nombre/término del tipo de soporte volumen
Código del tipo de soporte nc
Fuente rdacarrier
500 ## - NOTA GENERAL
Nota general Incluye datos biográficos del autor en la solapa de la contracubierta.
500 ## - NOTA GENERAL
Nota general
590 ## - NOTA LOCAL (RLIN)
Nota local Inventariado, 2025/VM
650 #7 - PUNTO DE ACCESO ADICIONAL DE MATERIA--TÉRMINO DE MATERIA
Término de materia o nombre geográfico como elemento de entrada Novela panameña
650 #7 - PUNTO DE ACCESO ADICIONAL DE MATERIA--TÉRMINO DE MATERIA
Término de materia o nombre geográfico como elemento de entrada Novela amorosa
910 ## - DATOS DE OPCIÓN DEL USUARIO (OCLC)
Datos de opción del usuario VMateo V. Control de calidad. BPMSU
942 ## - ELEMENTOS DE PUNTO DE ACCESO ADICIONAL (KOHA)
Fuente del sistema de clasificación o colocación Dewey Decimal Classification
Tipo de ítem Koha Libros
Existencias
Estado de retiro Estado de pérdida Fuente del sistema de clasificación o colocación No para préstamo Código de colección Localización permanente Ubicación/localización actual Fecha de adquisición Fuente de adquisición Total de préstamos Signatura topográfica completa Código de barras Fecha visto por última vez Precio válido a partir de Tipo de ítem Koha Número de copia
    Dewey Decimal Classification   Colección Juvenil General Biblioteca Pública Metropolitana Salomé Ureña Biblioteca Pública Metropolitana Salomé Ureña 05/20/2016 Alfaguara   BPMSU CJG P863.6 F676o 2007 BPMSU16050411 05/20/2016 05/20/2016 Libros  
    Dewey Decimal Classification   Colección General Biblioteca Pública Metropolitana Salomé Ureña Biblioteca Pública Metropolitana Salomé Ureña 01/31/2018 Alfaguara   BPMSU CJG P863.6 F676o 2007 BPMSU18010101 01/31/2018 01/31/2018 Libros e.2
    Dewey Decimal Classification   Colección General Biblioteca Pública Metropolitana Salomé Ureña Biblioteca Pública Metropolitana Salomé Ureña 02/13/2018 Alfaguara   BPMSU CJG P863.6 F676o 2002 BPMSU18020133 02/13/2018 02/13/2018 Libros e.3